Sports Quiz

Random Sports or Football Quiz

Jacksonville Jaguars Playoff Wins Quiz Stats

 Plays Quiz not verified by Sporcle

Score 0/7 Timer 02:00
0 Plays Today
Season Team % Correct
2017Buffalo Bills
100%
2017Pittsburgh Steelers
100%
2007Pittsburgh Steelers
89.6%
1999Miami Dolphins
87.5%
1996Denver Broncos
81.3%
1996Buffalo Bills
79.2%
1998New England Patriots
64.6%

You're not logged in!

Compare scores with friends on all Sporcle quizzes.
OR
Log In

Sporcle TV

Today on Sporcle TV


Watch our educational content, quiz creation guides, and fun videos on Sporcle TV.

Show Comments

Extras

Top Quizzes Today


Score Distribution

Your Account Isn't Verified!

In order to create a playlist on Sporcle, you need to verify the email address you used during registration. Go to your Sporcle Settings to finish the process.

Report this User

Report this user for behavior that violates our Community Guidelines.

Details: